[Event "Mistrzostwa Miedzywojewodzkie C17"]
[Site "Pulawy"]
[Date "2012.09.23"]
[Round "1.1"]
[White "Poswiatowski, Michal"]
[Black "Pietruszewski, Marcin"]
[Result "1-0"]
[WhiteElo "2008"]
[BlackElo "2120"]
[PlyCount "67"]
[EventDate "2012.??.??"]

1. e4 c5 2. Nf3 e6 3. d4 cxd4 4. Nxd4 a6 5. Bd3 Nf6 6. O-O d6 7. Kh1 Nbd7 8. f4
Qc7 9. Qe2 Be7 10. Nd2 O-O 11. a4 Nc5 12. b4 Nxd3 13. Qxd3 e5 14. Ne2 Bg4 15.
c4 d5 16. cxd5 Bxe2 17. Qxe2 exf4 18. Bb2 Qc2 19. Bxf6 Bxf6 20. Rfc1 Qb2 21.
Rab1 Qa2 22. a5 Rac8 23. Qd3 Rfd8 24. Nc4 Qf2 25. e5 f3 26. gxf3 Bg5 27. Rc2
Qh4 28. d6 Bf4 29. Rg1 h5 30. Qe4 Rc6 31. Rcg2 g6 32. Rxg6+ fxg6 33. Qxg6+ Kf8
34. Qg8# 1-0

[Event "Mistrzostwa Miedzywojewodzkie C17"]
[Site "Pulawy"]
[Date "2012.09.23"]
[Round "1.2"]
[White "Lada, Michal"]
[Black "Gora, Jan"]
[Result "1/2-1/2"]
[WhiteElo "1821"]
[BlackElo "1993"]
[PlyCount "61"]
[EventDate "2012.??.??"]

1. d4 d5 2. c4 e6 3. Nc3 c6 4. e3 Bd6 5. Qc2 f5 6. Bd3 Nd7 7. cxd5 cxd5 8. Bd2
a6 9. f4 Ngf6 10. Nf3 Ne4 11. O-O O-O 12. Ne5 b5 13. Nxe4 dxe4 14. Qc6 Bxe5 15.
fxe5 Nb6 16. Ba5 Rb8 17. Bc2 Qd5 18. Qxd5 Nxd5 19. Rfe1 Bb7 20. Bb3 Rfc8 21.
Rac1 Kf7 22. Kf2 g5 23. g3 Ke8 24. h4 g4 25. Bxd5 Bxd5 26. a3 Rc4 27. Rxc4 bxc4
28. Bc3 Kd7 29. Ke2 Bc6 30. Kd2 Bd5 31. Kc2 1/2-1/2

[Event "Mistrzostwa Miedzywojewodzkie C17"]
[Site "Pulawy"]
[Date "2012.09.22"]
[Round "1.3"]
[White "Borawski, Jakub"]
[Black "Zochowski, Kacper"]
[Result "0-1"]
[WhiteElo "1974"]
[BlackElo "2097"]
[PlyCount "62"]
[EventDate "2012.??.??"]

1. e4 c5 2. Nf3 d6 3. d4 cxd4 4. Nxd4 Nf6 5. Nc3 a6 6. Be2 g6 7. g4 Bg7 8. g5
Nfd7 9. h4 b5 10. a4 bxa4 11. Rxa4 Bb7 12. b4 Nb6 13. Ra3 Nc6 14. Nxc6 Bxc6 15.
Nd5 Nd7 16. Bxa6 e6 17. b5 Bxd5 18. exd5 Nc5 19. O-O O-O 20. Be3 Qc7 21. h5
Rab8 22. h6 Bb2 23. Ra2 Bh8 24. dxe6 fxe6 25. Qg4 Rf5 26. Re1 Qe7 27. Kh1 Be5
28. c4 Rbf8 29. b6 Nxa6 30. Rxa6 Qb7+ 31. Qg2 Qxb6 0-1

[Event "Mistrzostwa Miedzywojewodzkie C17"]
[Site "Pulawy"]
[Date "2012.09.23"]
[Round "2.1"]
[White "Pietruszewski, Marcin"]
[Black "Zochowski, Kacper"]
[Result "1/2-1/2"]
[WhiteElo "2120"]
[BlackElo "2097"]
[PlyCount "133"]
[EventDate "2012.??.??"]

1. e4 c5 2. Nf3 d6 3. d4 cxd4 4. Nxd4 Nf6 5. Nc3 a6 6. Be3 Ng4 7. Bg5 h6 8. Bh4
g5 9. Bg3 Bg7 10. Be2 h5 11. Bxg4 Bxg4 12. f3 Bd7 13. Bf2 e6 14. Qd2 Nc6 15.
Nde2 Bf8 16. Na4 b5 17. Nb6 Ra7 18. O-O Rb7 19. Nxd7 Rxd7 20. Qc3 Ne5 21. a4
Bg7 22. Qb3 Nc4 23. axb5 Nd2 24. Qb4 Nxf1 25. bxa6 Nxh2 26. Kxh2 O-O 27. a7 Qa8
28. Qb5 Be5+ 29. Bg3 Rxa7 30. Rxa7 Qxa7 31. Bxe5 dxe5 32. Qxe5 Qb8 33. Qxb8
Rxb8 34. b3 Rd8 35. c3 Kg7 36. Nd4 Rc8 37. c4 Kf6 38. Kg3 Ke5 39. Nb5 f5 40.
exf5 exf5 41. Nc3 Kd4 42. Nb5+ Ke5 43. Nc3 f4+ 44. Kh3 Kd4 45. Ne4 g4+ 46. Kh4
gxf3 47. gxf3 Ke3 48. Nd6 Rb8 49. c5 Rxb3 50. Nf5+ Kf2 51. Kxh5 Rxf3 52. Kg4
Rc3 53. Kxf4 Rxc5 54. Ke4 Ra5 55. Nd4 Ra4 56. Kd3 Ra8 57. Ke4 Re8+ 58. Kf5 Rf8+
59. Ke4 Kg3 60. Nf5+ Kg4 61. Ne3+ Kg5 62. Nd5 Re8+ 63. Kd4 Re1 64. Ne3 Kf6 65.
Ng4+ Kf5 66. Ne3+ Ke6 67. Ke4 1/2-1/2

[Event "Mistrzostwa Miedzywojewodzkie C17"]
[Site "Pulawy"]
[Date "2012.09.22"]
[Round "2.2"]
[White "Gora, Jan"]
[Black "Borawski, Jakub"]
[Result "1-0"]
[WhiteElo "1993"]
[BlackElo "1974"]
[PlyCount "69"]
[EventDate "2012.??.??"]

1. e4 e5 2. Nf3 Nc6 3. d4 exd4 4. Nxd4 Bc5 5. Be3 Qf6 6. Nb5 Bxe3 7. fxe3 Qh4+
8. g3 Qd8 9. Qg4 g6 10. Qf4 d6 11. N1c3 a6 12. Nd4 Ne5 13. Be2 Be6 14. O-O-O
Qe7 15. Nf3 Nxf3 16. Qxf3 Nf6 17. e5 dxe5 18. Rhf1 Ng4 19. h3 Nh6 20. g4 O-O
21. e4 Qg5+ 22. Kb1 Rad8 23. Qg3 Rxd1+ 24. Bxd1 Bc4 25. Rf2 Kg7 26. b3 b5 27.
h4 Qe7 28. bxc4 c6 29. g5 bxc4 30. gxh6+ Kg8 31. Kc1 Rd8 32. Nb1 Qc5 33. Qf3
Rd7 34. Rd2 Rxd2 35. Kxd2 1-0

[Event "Mistrzostwa Miedzywojewodzkie C17"]
[Site "Pulawy"]
[Date "2012.09.22"]
[Round "2.3"]
[White "Poswiatowski, Michal"]
[Black "Lada, Michal"]
[Result "1/2-1/2"]
[WhiteElo "2008"]
[BlackElo "1821"]
[PlyCount "62"]
[EventDate "2012.??.??"]

1. e4 c6 2. d4 d5 3. Nc3 dxe4 4. Nxe4 Nf6 5. Ng3 h5 6. Bc4 Nbd7 7. Nf3 Nb6 8.
Bb3 Nbd5 9. h3 e6 10. Qe2 Bb4+ 11. Kf1 b6 12. Bg5 Be7 13. Ne5 Bb7 14. Bxf6 gxf6
15. Nd3 h4 16. Ne4 Qc7 17. c4 Nf4 18. Nxf4 Qxf4 19. Qe3 Qxe3 20. fxe3 f5 21.
Nd2 O-O-O 22. Nf3 Bf6 23. Kf2 Rhg8 24. Rhg1 Rg3 25. Rad1 Kc7 26. Bc2 Rdg8 27.
b4 Be7 28. c5 b5 29. Ne5 R3g7 30. Bd3 Bf6 31. Nf3 a6 1/2-1/2

[Event "Mistrzostwa Miedzywojewodzkie C17"]
[Site "Pulawy"]
[Date "2012.09.23"]
[Round "3.1"]
[White "Lada, Michal"]
[Black "Pietruszewski, Marcin"]
[Result "1/2-1/2"]
[WhiteElo "1821"]
[BlackElo "2120"]
[PlyCount "79"]
[EventDate "2012.??.??"]

1. d4 Nf6 2. c4 e6 3. Nc3 c5 4. d5 exd5 5. cxd5 d6 6. e4 g6 7. f3 Bg7 8. Bb5+
Nfd7 9. Bf4 Qe7 10. Qd2 a6 11. Bg5 f6 12. Bxd7+ Nxd7 13. Bh6 Bxh6 14. Qxh6 Ne5
15. Qd2 Bd7 16. b3 f5 17. h4 fxe4 18. Nxe4 Bf5 19. Qg5 Bxe4 20. Qxe7+ Kxe7 21.
fxe4 Rhf8 22. Nh3 Nd3+ 23. Kd2 Nf2 24. Rhe1 Nxh3 25. gxh3 Rf4 26. h5 g5 27. b4
cxb4 28. Rab1 Rc8 29. Rxb4 Rc7 30. Reb1 b5 31. a4 Rf2+ 32. Ke3 Rh2 33. e5 dxe5
34. axb5 Rxh3+ 35. Ke4 axb5 36. Kxe5 Kd7 37. Rxb5 Rxh5 38. Rf1 g4+ 39. Kd4 Rh2
40. Ke4 1/2-1/2

[Event "Mistrzostwa Miedzywojewodzkie C17"]
[Site "Pulawy"]
[Date "2012.09.23"]
[Round "3.2"]
[White "Borawski, Jakub"]
[Black "Poswiatowski, Michal"]
[Result "0-1"]
[WhiteElo "1974"]
[BlackElo "2008"]
[PlyCount "48"]
[EventDate "2012.??.??"]

1. e4 c5 2. Nf3 Nc6 3. d4 cxd4 4. Nxd4 Nf6 5. Nc3 d6 6. Bg5 h6 7. Bxf6 gxf6 8.
Nf5 Bxf5 9. exf5 Qd7 10. Nd5 O-O-O 11. Be2 Kb8 12. Qd3 Bg7 13. f4 e6 14. Ne3 d5
15. c3 d4 16. cxd4 Nxd4 17. O-O exf5 18. Rfe1 Rhe8 19. Bf1 Bf8 20. Rad1 Bb4 21.
Nc2 Bxe1 22. Nxd4 Ba5 23. Nxf5 Bb6+ 24. Kh1 Qxd3 0-1

[Event "Mistrzostwa Miedzywojewodzkie C17"]
[Site "Pulawy"]
[Date "2012.09.23"]
[Round "3.3"]
[White "Zochowski, Kacper"]
[Black "Gora, Jan"]
[Result "1-0"]
[WhiteElo "2097"]
[BlackElo "1993"]
[PlyCount "83"]
[EventDate "2012.??.??"]

1. e4 c5 2. Nf3 Nc6 3. d4 cxd4 4. Nxd4 g6 5. c4 Nf6 6. Nc3 Nxd4 7. Qxd4 d6 8.
Be3 Bg7 9. Be2 O-O 10. Qd2 Be6 11. Rc1 Qa5 12. O-O Rfc8 13. b3 a6 14. f4 b5 15.
Bf3 Rd8 16. Qf2 Rab8 17. Nd5 Bxd5 18. cxd5 Nd7 19. Rc6 f5 20. exf5 gxf5 21. Qh4
Nf6 22. Qg5 Qxa2 23. Qxf5 Qxb3 24. Bd4 Ne8 25. Qe6+ Kh8 26. Bf2 Nf6 27. Qxe7
Rd7 28. Qe6 Re8 29. Qf5 Rde7 30. Rxd6 Ne4 31. Bxe4 Rxe4 32. Rd7 Qb2 33. Ra7 Re2
34. Qh5 a5 35. d6 a4 36. d7 Rd8 37. g3 Rxf2 38. Rxf2 Bd4 39. Qe8+ Kg7 40. Qe7+
Kg6 41. f5+ Kh6 42. Ra6+ 1-0

[Event "Mistrzostwa Miedzywojewodzkie C17"]
[Site "Pulawy"]
[Date "2012.09.23"]
[Round "4.1"]
[White "Pietruszewski, Marcin"]
[Black "Gora, Jan"]
[Result "1-0"]
[WhiteElo "2120"]
[BlackElo "1993"]
[PlyCount "145"]
[EventDate "2012.??.??"]

1. e4 c5 2. Nf3 Nc6 3. d4 cxd4 4. Nxd4 g6 5. c4 Nf6 6. Nc3 Nxd4 7. Qxd4 d6 8.
Be3 Bg7 9. Be2 O-O 10. Qd2 Be6 11. O-O Qa5 12. Rab1 Rfc8 13. b3 a6 14. Rfc1 Qd8
15. Bf3 Rab8 16. Ba7 Ra8 17. Be3 Rab8 18. a4 b6 19. Rc2 Nd7 20. Be2 Nc5 21. f3
a5 22. Bd3 Bd7 23. Rcc1 Bc6 24. Bc2 Qd7 25. Re1 Qb7 26. Kh1 Re8 27. Re2 Rbd8
28. Rbe1 e5 29. Nd5 Bxd5 30. cxd5 Na6 31. Bd3 Nb4 32. Rc1 Rc8 33. Ree1 Rc5 34.
Bb5 Rec8 35. Qf2 Qe7 36. Bxc5 bxc5 37. f4 Bh6 38. g3 f6 39. Rcd1 Rf8 40. Bf1
Qd7 41. Bb5 Qh3 42. fxe5 fxe5 43. Qe2 Qc8 44. Rf1 Bg7 45. Kg2 Bf6 46. Rf3 Kg7
47. Rdf1 Qd8 48. R1f2 g5 49. Qf1 h6 50. Bc6 Rf7 51. Qb5 Qc7 52. Qf1 Qd8 53. Kg1
Qe7 54. Qh3 Qd8 55. Bb5 Rf8 56. Qe6 Rf7 57. Kf1 Rf8 58. Kg2 Rf7 59. Kg1 Rf8 60.
Kg2 Rf7 61. Be8 Rf8 62. Bb5 Rf7 63. h3 Rf8 64. Kg1 Rf7 65. Kh2 Rf8 66. Kg2 Rf7
67. Be8 Rf8 68. Bh5 Na6 69. Qf5 Kh8 70. Qg6 Bg7 71. Rxf8+ Bxf8 72. Rf7 Bg7 73.
Qxg7# 1-0

[Event "Mistrzostwa Miedzywojewodzkie C17"]
[Site "Pulawy"]
[Date "2012.09.23"]
[Round "4.2"]
[White "Poswiatowski, Michal"]
[Black "Zochowski, Kacper"]
[Result "1/2-1/2"]
[WhiteElo "2008"]
[BlackElo "2097"]
[PlyCount "70"]
[EventDate "2012.??.??"]

1. e4 c5 2. Nf3 d6 3. c3 Nf6 4. Bd3 e5 5. Bb5+ Nbd7 6. d4 cxd4 7. O-O dxc3 8.
Nxc3 h6 9. Nh4 a6 10. Bc4 Nb6 11. Bb3 Be7 12. Be3 O-O 13. Ng6 Re8 14. Qf3 Bf8
15. Nxf8 Rxf8 16. Qg3 Kh8 17. Rfd1 Be6 18. Bxe6 fxe6 19. Bc5 Nc8 20. Qd3 Rf7
21. f3 Rd7 22. Bf2 b5 23. b4 d5 24. exd5 exd5 25. a4 d4 26. Ne4 Nd5 27. axb5
Nxb4 28. Qe3 a5 29. Be1 Nd5 30. Nc5 Raa7 31. Bxa5 Qf6 32. Na6 Nf4 33. Ra2 Qg6
34. Re1 Qg5 35. g3 Nh5 1/2-1/2

[Event "Mistrzostwa Miedzywojewodzkie C17"]
[Site "Pulawy"]
[Date "2012.09.23"]
[Round "4.3"]
[White "Lada, Michal"]
[Black "Borawski, Jakub"]
[Result "1/2-1/2"]
[WhiteElo "1821"]
[BlackElo "1974"]
[PlyCount "128"]
[EventDate "2012.??.??"]

1. d4 Nf6 2. Nf3 e6 3. a3 b5 4. e3 b4 5. axb4 Bxb4+ 6. c3 Be7 7. Bd3 Bb7 8.
Nbd2 c5 9. O-O d5 10. Ne5 O-O 11. Bb1 Ne4 12. f3 Nxd2 13. Qxd2 f5 14. Rd1 Nd7
15. Nxd7 Qxd7 16. Qe2 Kh8 17. Kh1 Bc6 18. dxc5 Bxc5 19. Bc2 Qc7 20. b4 Bd6 21.
b5 Bb7 22. Ba3 Rfc8 23. Bxd6 Qxd6 24. c4 Qc5 25. Bd3 dxc4 26. Bxc4 Bd5 27. Bxd5
exd5 28. Qd3 Rab8 29. Qxd5 Qxe3 30. Qxf5 Re8 31. h3 h6 32. Rd7 Re7 33. Rad1 Qe2
34. Rxe7 Qxd1+ 35. Kh2 Qd6+ 36. Qe5 Qxe5+ 37. Rxe5 Kg8 38. Kg3 Kf7 39. Kf4 Rb6
40. h4 a6 41. bxa6 Rxa6 42. h5 Ra4+ 43. Kf5 Ra6 44. g4 Rf6+ 45. Ke4 Ra6 46. Rb5
Kf6 47. Rf5+ Ke7 48. g5 Ra4+ 49. Ke5 Ra5+ 50. Kf4 Ra4+ 51. Ke5 Ra5+ 52. Kf4
Ra4+ 53. Kg3 hxg5 54. Rxg5 Kf6 55. Rg6+ Kf7 56. f4 Ra1 57. Rb6 Re1 58. Kf3 Rh1
59. Kg4 Ra1 60. Rb5 Ra7 61. Kg5 Kg8 62. f5 Ra6 63. Rb7 Ra1 64. Rb4 Kf7 1/2-1/2

[Event "Mistrzostwa Miedzywojewodzkie C17"]
[Site "Pulawy"]
[Date "2012.09.24"]
[Round "5.1"]
[White "Borawski, Jakub"]
[Black "Pietruszewski, Marcin"]
[Result "1/2-1/2"]
[WhiteElo "1974"]
[BlackElo "2120"]
[PlyCount "79"]
[EventDate "2012.??.??"]

1. e4 c5 2. Nf3 e6 3. d4 cxd4 4. Nxd4 a6 5. Bd3 Nf6 6. O-O Qc7 7. c4 Nc6 8.
Nxc6 dxc6 9. Be3 e5 10. f3 Be6 11. c5 Be7 12. Qc2 O-O 13. Nd2 Rfd8 14. b4 Rd7
15. Bc4 Bxc4 16. Nxc4 Rad8 17. Kf2 Nh5 18. g3 g6 19. Nb6 Rd3 20. Nd5 R3xd5 21.
exd5 cxd5 22. Kg2 d4 23. Bf2 Nf6 24. Rfd1 Nd5 25. Qb3 h5 26. Rd3 h4 27. Re1
hxg3 28. hxg3 Bg5 29. b5 Be3 30. bxa6 bxa6 31. Qc4 Bxf2 32. Kxf2 Ne3 33. Rdxe3
dxe3+ 34. Rxe3 Rd4 35. Qc3 Rd5 36. c6 Rd6 37. Rxe5 Qxc6 38. Rc5 Qb6 39. Kg2
Rd2+ 40. Kh3 1/2-1/2

[Event "Eliminacje Miedzywojewodzkie C17"]
[Site "Pu³awy"]
[Date "2012.09.24"]
[Round "5.2"]
[White "Zochowski, Kacper"]
[Black "Lada, Michal"]
[Result "1/2-1/2"]
[WhiteElo "2097"]
[BlackElo "1821"]
[PlyCount "98"]
[EventDate "2012.??.??"]

1. e4 c6 2. d4 g6 3. Be3 d5 4. Nc3 dxe4 5. Nxe4 Nf6 6. Nxf6+ exf6 7. Qd2 Bg7 8.
Bc4 O-O 9. Ne2 Nd7 10. h4 Nb6 11. Bb3 Nd5 12. h5 Nxe3 13. Qxe3 Re8 14. Qd2 Qe7
15. hxg6 hxg6 16. Kf1 Be6 17. Re1 Bxb3 18. axb3 Rad8 19. Rh3 f5 20. Rd3 Qh4 21.
Kg1 Re4 22. g3 Qe7 23. Kf1 Re8 24. Re3 Rxe3 25. Qxe3 Qxe3 26. fxe3 Rxe3 27. Kf2
Re8 28. Ra1 a6 29. c3 Bf8 30. Nf4 Bd6 31. Ne2 Kg7 32. c4 g5 33. Rd1 Kg6 34. c5
Bf8 35. b4 Rd8 36. Kf3 a5 37. bxa5 Bxc5 38. a6 bxa6 39. Rc1 Bxd4 40. Rxc6+ f6
41. b4 Be5 42. Rxa6 Rb8 43. Ra4 Bd6 44. Nd4 Rxb4 45. Rxb4 Bxb4 46. g4 fxg4+ 47.
Kxg4 Ba3 48. Nf5 Bc5 49. Ng3 Bb4 1/2-1/2

[Event "Mistrzostwa Miedzywojewodzkie C17"]
[Site "Pulawy"]
[Date "2012.09.24"]
[Round "5.3"]
[White "Gora, Jan"]
[Black "Poswiatowski, Michal"]
[Result "1/2-1/2"]
[WhiteElo "1993"]
[BlackElo "2008"]
[PlyCount "80"]
[EventDate "2012.??.??"]

1. e4 c5 2. Nf3 d6 3. d4 cxd4 4. Nxd4 Nf6 5. Nc3 Bd7 6. Bg5 e6 7. Qd2 a6 8.
O-O-O h6 9. Bxf6 Qxf6 10. f4 Nc6 11. e5 dxe5 12. Ndb5 Qd8 13. Nd6+ Bxd6 14.
Qxd6 exf4 15. Ne4 Qe7 16. Qd2 Bc8 17. Nd6+ Kf8 18. Bc4 Ne5 19. Rhe1 Nxc4 20.
Nxc4 Ke8 21. Nb6 Rb8 22. Qd4 f6 23. Qxf4 e5 24. Qa4+ Kf8 25. Nd5 Qe8 26. Qb4+
Kf7 27. Qd6 Be6 28. Nc7 Qe7 29. Nxe6 Qxe6 30. Qc7+ Kg6 31. Re3 Rhg8 32. Rg3+
Kh5 33. Rh3+ Kg6 34. Rg3+ Kh5 35. Rd6 Qf5 36. Qf7+ Kh4 37. Rh3+ Kg4 38. Rg3+
Kh4 39. Rh3+ Kg4 40. Qc4+ Qf4+ 1/2-1/2

[Event "Mistrzostwa Miedzywojewodzkie C17"]
[Site "Pulawy"]
[Date "2012.09.24"]
[Round "6.1"]
[White "Pietruszewski, Marcin"]
[Black "Poswiatowski, Michal"]
[Result "1/2-1/2"]
[WhiteElo "2120"]
[BlackElo "2008"]
[PlyCount "74"]
[EventDate "2012.??.??"]

1. e4 c5 2. Nf3 d6 3. d4 cxd4 4. Nxd4 Nf6 5. Nc3 Bd7 6. f3 e5 7. Nb3 Be7 8. Be3
Be6 9. Qd2 d5 10. exd5 Nxd5 11. Nxd5 Qxd5 12. Qxd5 Bxd5 13. O-O-O Be6 14. Nc5
Bxc5 15. Bxc5 Nd7 16. Bf2 a6 17. Be2 O-O-O 18. Rd6 Nb8 19. Rhd1 Rxd6 20. Rxd6
Rd8 21. Rxd8+ Kxd8 22. c4 Nc6 23. Kc2 Kd7 24. Kc3 Ne7 25. Bc5 Ng6 26. Be3 Ne7
27. b4 Kc7 28. a3 h6 29. f4 Nf5 30. Bd2 f6 31. fxe5 fxe5 32. b5 Nd4 33. Bd3 Bf5
34. Be3 axb5 35. cxb5 Bxd3 36. Bxd4 Bxb5 37. Bxe5+ Kd7 1/2-1/2

[Event "Mistrzostwa Miedzywojewodzkie C17"]
[Site "Pulawy"]
[Date "2012.09.24"]
[Round "6.2"]
[White "Gora, Jan"]
[Black "Lada, Michal"]
[Result "1-0"]
[WhiteElo "1993"]
[BlackElo "1821"]
[PlyCount "69"]
[EventDate "2012.??.??"]

1. e4 c6 2. c4 g6 3. d4 d5 4. cxd5 cxd5 5. e5 e6 6. Nc3 Nc6 7. Nf3 Qb6 8. Be2
Nh6 9. O-O Nf5 10. Na4 Qc7 11. a3 Bd7 12. b4 b6 13. Nb2 Bg7 14. Bg5 h6 15. Be3
O-O 16. Rc1 Qb7 17. Bd3 Nfe7 18. Qd2 Kh7 19. g4 Rfc8 20. Nh4 Kg8 21. Bxh6 Bxh6
22. Qxh6 Nxd4 23. Rcd1 Bb5 24. Bxb5 Nxb5 25. Nf3 d4 26. Ng5 Nd5 27. Qh7+ Kf8
28. Nxe6+ Ke8 29. Nxd4 Nbc3 30. e6 Qe7 31. Qg8+ Qf8 32. exf7+ Kd7 33. Qxg6 Nxd1
34. Qe6+ Kc7 35. Qe5+ 1-0

[Event "Mistrzostwa Miedzywojewodzkie C17"]
[Site "Pulawy"]
[Date "2012.09.24"]
[Round "6.3"]
[White "Zochowski, Kacper"]
[Black "Borawski, Jakub"]
[Result "1/2-1/2"]
[WhiteElo "2097"]
[BlackElo "1974"]
[PlyCount "94"]
[EventDate "2012.??.??"]

1. e4 e5 2. Nf3 Nc6 3. Bb5 a6 4. Ba4 Nf6 5. O-O Be7 6. Qe2 b5 7. Bb3 d6 8. c3
O-O 9. Rd1 Na5 10. Bc2 c5 11. d4 Qc7 12. d5 c4 13. Nbd2 Ne8 14. Nf1 Bf6 15. h3
Nb7 16. g4 g6 17. Ng3 Bg7 18. Kg2 Nc5 19. Be3 Bd7 20. Rdc1 a5 21. Nd2 a4 22. a3
Nb3 23. Bxb3 axb3 24. a4 bxa4 25. Qxc4 Qd8 26. Qd3 Nc7 27. f3 Qc8 28. Rd1 Rb8
29. Rh1 Kh8 30. Ba7 Rb7 31. Bf2 Bh6 32. h4 f6 33. h5 Kg7 34. hxg6 hxg6 35. Be3
Bxe3 36. Qxe3 g5 37. Rh2 Rh8 38. Nh5+ Kg6 39. Rah1 Bxg4 40. fxg4 Qxg4+ 41. Ng3
Rxh2+ 42. Kxh2 Nb5 43. Qe2 a3 44. c4 Rh7+ 45. Kg2 Rxh1 46. Kxh1 a2 47. Nxb3 Nd4
1/2-1/2

[Event "Mistrzostwa Miedzywojewodzkie C17"]
[Site "Pulawy"]
[Date "2012.09.24"]
[Round "7.1"]
[White "Zochowski, Kacper"]
[Black "Pietruszewski, Marcin"]
[Result "0-1"]
[WhiteElo "2097"]
[BlackElo "2120"]
[PlyCount "104"]
[EventDate "2012.??.??"]

1. e4 c6 2. d4 d5 3. f3 Qb6 4. Nc3 dxe4 5. fxe4 e5 6. Nf3 Qxd4 7. Qxd4 exd4 8.
Nxd4 Bc5 9. Nb3 Bb4 10. Bd2 Nd7 11. a3 Be7 12. O-O-O Ngf6 13. Nd4 Ng4 14. Re1
Bc5 15. Nf5 g6 16. b4 Bf8 17. Ne3 Nxe3 18. Rxe3 a5 19. Nb1 axb4 20. axb4 Bg7
21. Ra3 Rxa3 22. Nxa3 Ne5 23. Nc4 Ke7 24. Be3 Nd7 25. Nb6 Nxb6 26. Bc5+ Ke6 27.
Bxb6 Bc3 28. Bc4+ Ke5 29. Rf1 Be6 30. Bc7+ Kd4 31. Bd3 Bxb4 32. Bb6+ Bc5 33.
Bc7 Ra8 34. Kd2 Bb4+ 35. Ke2 Kc5 36. h3 Bc3 37. Rf3 Bg7 38. Bf4 b5 39. Rf1 Ra1
40. Be3+ Kb4 41. Bd2+ Ka4 42. Rf3 c5 43. c4 bxc4 44. Bc2+ Kb5 45. g4 Bd4 46.
Be1 Ra2 47. Kd1 Ra1+ 48. Ke2 Rc1 49. Kd2 Bb2 50. Bh4 Rh1 51. Bd1 c3+ 52. Kc2
Kb4 0-1

[Event "Mistrzostwa Miedzywojewodzkie C17"]
[Site "Pulawy"]
[Date "2012.09.24"]
[Round "7.2"]
[White "Borawski, Jakub"]
[Black "Gora, Jan"]
[Result "0-1"]
[WhiteElo "1974"]
[BlackElo "1993"]
[PlyCount "95"]
[EventDate "2012.??.??"]

1. e4 c5 2. Nf3 g6 3. d4 cxd4 4. Nxd4 Nc6 5. c4 Nf6 6. Nc3 d6 7. Be2 Nxd4 8.
Qxd4 Bg7 9. Be3 O-O 10. Qd2 Be6 11. Rc1 Qa5 12. O-O a6 13. Bd3 Rfc8 14. Nd5
Qxd2 15. Bxd2 Nxd5 16. exd5 Bd7 17. b4 Bd4 18. Bg5 f6 19. Bd2 b5 20. Rfe1 Kf7
21. Be3 Bb2 22. Rc2 bxc4 23. Rxc4 Rxc4 24. Bxc4 Bb5 25. Bf1 Rc8 26. a4 Bxa4 27.
Bxa6 Rb8 28. Bd2 Bc2 29. b5 Bd3 30. Ba5 Bxb5 31. Bc7 Bxa6 32. Bxb8 Bc4 33. Rd1
Ba3 34. Ba7 e6 35. dxe6+ Kxe6 36. Bd4 f5 37. Ra1 Kd5 38. Rxa3 Kxd4 39. Ra7 h6
40. Rh7 d5 41. Rxh6 g5 42. Rh5 Ke4 43. Rxg5 d4 44. f3+ Kf4 45. Rg7 Ke3 46. Re7+
Kd2 47. Kf2 d3 48. Rd7 0-1

[Event "Mistrzostwa Miedzywojewodzkie C17"]
[Site "Pulawy"]
[Date "2012.09.24"]
[Round "7.3"]
[White "Lada, Michal"]
[Black "Poswiatowski, Michal"]
[Result "1/2-1/2"]
[WhiteElo "1821"]
[BlackElo "2008"]
[PlyCount "71"]
[EventDate "2012.??.??"]

1. Nf3 c5 2. c4 g6 3. g3 Bg7 4. Bg2 Nf6 5. O-O O-O 6. e3 Nc6 7. d4 cxd4 8. exd4
d5 9. Nc3 Be6 10. cxd5 Nxd5 11. Nxd5 Bxd5 12. Be3 Bxf3 13. Bxf3 Nxd4 14. Bxd4
Qxd4 15. Qxd4 Bxd4 16. Rad1 Bxb2 17. Rd7 Bf6 18. Rxb7 a5 19. Rd7 Rfd8 20. Rxd8+
Rxd8 21. Rd1 Rxd1+ 22. Bxd1 Bd4 23. Kg2 f5 24. Bb3+ Kg7 25. f3 Kf6 26. Bg8 e6
27. h4 h6 28. f4 a4 29. Kf3 a3 30. Ke2 Bb2 31. Kf2 Bc1 32. Kf3 g5 33. hxg5+
hxg5 34. fxg5+ Bxg5 35. g4 fxg4+ 36. Kxg4 1/2-1/2

[Event "Mistrzostwa Miedzywojewodzkie C17"]
[Site "Pulawy"]
[Date "2012.09.25"]
[Round "8.1"]
[White "Pietruszewski, Marcin"]
[Black "Lada, Michal"]
[Result "1-0"]
[WhiteElo "2120"]
[BlackElo "1821"]
[PlyCount "75"]
[EventDate "2012.??.??"]

1. e4 c6 2. d4 d5 3. e5 Bf5 4. Nf3 e6 5. Be2 Nd7 6. O-O c5 7. Be3 Ne7 8. Nbd2
cxd4 9. Nxd4 Nxe5 10. c4 N5c6 11. Qa4 Qd7 12. Nb5 Nc8 13. g4 Bg6 14. cxd5 exd5
15. Bf3 Bb4 16. Rad1 Bd3 17. a3 Bxf1 18. Nxf1 O-O 19. axb4 Ne5 20. Be2 Nxg4 21.
Nc3 Qe6 22. Nxd5 Nxe3 23. Nfxe3 Nb6 24. Nxb6 axb6 25. Qd7 Qb3 26. Qd4 Ra2 27.
Bc4 Qxb2 28. Bxa2 Qxa2 29. Nf5 f6 30. Qd5+ Qxd5 31. Rxd5 g6 32. Nd4 Rc8 33. Rd7
Rc4 34. b5 Rb4 35. Kg2 Kf8 36. Ne6+ Kg8 37. Rg7+ Kh8 38. Rxb7 1-0

[Event "Mistrzostwa Miedzywojewodzkie C17"]
[Site "Pulawy"]
[Date "2012.09.25"]
[Round "8.2"]
[White "Poswiatowski, Michal"]
[Black "Borawski, Jakub"]
[Result "1/2-1/2"]
[WhiteElo "2008"]
[BlackElo "1974"]
[PlyCount "73"]
[EventDate "2012.??.??"]

1. e4 e5 2. Nf3 Nc6 3. Bb5 a6 4. Ba4 Nf6 5. d3 d6 6. c3 g6 7. O-O b5 8. Bb3 Bg7
9. Re1 O-O 10. Nbd2 Na5 11. Bc2 c5 12. Nf1 Bb7 13. Ng3 Qc7 14. Bg5 d5 15. Qc1
c4 16. d4 Nxe4 17. dxe5 Nxg5 18. Qxg5 f6 19. exf6 Bxf6 20. Qh6 Bg7 21. Qd2 Qd7
22. Nd4 Bxd4 23. Qxd4 Nc6 24. Qh4 d4 25. cxd4 Qxd4 26. Qxd4 Nxd4 27. Be4 Bxe4
28. Rxe4 Rad8 29. f3 Nc2 30. Rb1 Rd2 31. Re6 Rfd8 32. Ne4 Rd1+ 33. Rxd1 Rxd1+
34. Kf2 Nb4 35. Re7 Ra1 36. Rd7 Rxa2 37. Nf6+ 1/2-1/2

[Event "Mistrzostwa Miedzywojewodzkie C17"]
[Site "Pulawy"]
[Date "2012.09.25"]
[Round "8.3"]
[White "Gora, Jan"]
[Black "Zochowski, Kacper"]
[Result "0-1"]
[WhiteElo "1993"]
[BlackElo "2097"]
[PlyCount "96"]
[EventDate "2012.??.??"]

1. e4 c5 2. Nf3 d6 3. Bb5+ Nd7 4. d4 cxd4 5. Qxd4 a6 6. Bxd7+ Bxd7 7. Nc3 Nf6
8. Bg5 e6 9. e5 dxe5 10. Nxe5 Bc6 11. Nxc6 bxc6 12. Qc4 Qc7 13. Bxf6 gxf6 14.
Ne4 f5 15. Qc3 O-O-O 16. O-O Rg8 17. Nc5 Rd5 18. b4 Bg7 19. Qc4 Bxa1 20. Qxa6+
Kd8 21. Rxa1 Ke7 22. Qe2 Qe5 23. Qxe5 Rxe5 24. Kf1 Rg4 25. c3 Rd5 26. a4 Kd6
27. a5 Rg8 28. a6 Kc7 29. Ke2 Rgd8 30. a7 Ra8 31. Ra6 Rxc5 32. bxc5 Kb7 33.
Rb6+ Kc7 34. Rb4 Rxa7 35. Rh4 Ra2+ 36. Ke3 Kd7 37. Rxh7 Ke7 38. Rh3 Rc2 39. Kd3
Rxf2 40. Rg3 f4 41. Rg5 f3 42. gxf3 Rxf3+ 43. Kd4 Rh3 44. Rg2 Rh4+ 45. Kd3 e5
46. Ra2 Ke6 47. c4 Rh3+ 48. Kc2 Rh8 0-1